000 00433nam a22001697a 4500
003 CEME
005 20210628203716.0
008 210324b xxu||||| |||| 00| 0 eng d
020 _a0-201-563550X
040 _c.
082 _a005.12 DEC'O
100 _aFaure, P , Lea, D , Dechampeaux, D
_966960
245 _aObject oriented system development
260 _aNEWYORK
_bADDISON WESLEY
_c1993
300 _a532P
942 _cBK
_2ddc
999 _c574817
_d574817